000
00241nam a2200109Ia 4500
008
220204s9999 xx 000 0 und d
082
_a
82-7
_b
LAX
100
_a
Laxman
245
0
_a
You said it. 5
260
_a
Bombay
_b
IBH
_c
1978
942
_c
BK
999
_c
33572
_d
33572